000 00250nam a22000977a 4500
082 _a621.382 NTI'A
245 _aNTIA TELECOM 2000 , CHARTING THE COURSE FOR A NEW CENTURY
260 _aWASHINGTON
_bUSA DEPARTMENT
_c1988
300 _a672P
942 _cBK
999 _c571573
_d571573